| 000 | 01532cam a2200361 a 4500 | ||
|---|---|---|---|
| 001 | 13332834 | ||
| 005 | 20210414113912.0 | ||
| 008 | 030904s2005 at ac b 001 0 eng d | ||
| 010 | _a 2003112289 | ||
| 020 | _a0324273568 | ||
| 035 | _a(OCoLC)ocm54440227 | ||
| 040 |
_aCWR _cCWR _dCE@ _dDLC |
||
| 042 | _alccopycat | ||
| 050 | 0 | 0 | _aHB615.B365 |
| 082 | 0 | 4 |
_a338.04 _221 |
| 100 | 1 | _aBaron, Robert A. | |
| 245 | 1 | 0 |
_aEntrepreneurship : a process perspective / _cRobert A. Baron, Scott A. Shane. |
| 250 | _a1st ed. | ||
| 260 |
_aMason, Ohio : _bThomson/South-Western, _cc2005. |
||
| 300 |
_axvi, 431 p. : _bill. ; _c29 cm. |
||
| 504 | _aIncludes bibliographical references and indexes. | ||
| 505 | _aContents: Entrepreneurship: Who, what why? -- Assembling the resources -- Launching the new venture -- Runnung the business: Building lasting success -- Harvesting the rewards. | ||
| 650 | 0 | _aEntrepreneurship. | |
| 650 | 0 | _aNew business enterprises. | |
| 700 | 1 |
_aShane, Scott, _d1964- |
|
| 856 | 4 | 2 |
_3Contributor biographical information _uhttp://www.loc.gov/catdir/enhancements/fy1103/2003112289-b.html |
| 856 | 4 | 2 |
_3Publisher description _uhttp://www.loc.gov/catdir/enhancements/fy1103/2003112289-d.html |
| 856 | 4 | 1 |
_3Table of contents only _uhttp://www.loc.gov/catdir/enhancements/fy1103/2003112289-t.html |
| 906 |
_a7 _bcbc _ccopycat _d3 _eepcn _f20 _gy-gencatlg |
||
| 942 |
_2lcc _cBK |
||
| 999 |
_c504 _d8004 |
||